LEGO Series 18 Minifigures by Picture - Statistics

General Stats
  • This quiz has been taken 8 times
  • The average score is 15 of 16
Answer Stats
Picture Answer % Correct
Cactus Girl
100%
Cake Guy
100%
Cat Costume Girl
100%
Dragon Suit Guy
100%
Elephant Costume Girl
100%
Flowerpot Girl
100%
LEGO Brick Suit Girl
100%
LEGO Brick Suit Guy
100%
Party Clown
100%
Race Car Guy
100%
Spider Suit Boy
100%
Unicorn Guy
100%
Cowboy Costume Guy
83%
Firework Guy
83%
Birthday Party Boy
67%
Birthday Party Girl
67%
No matching quizzes found
Score Distribution
Percent of People with Each Score
Percentile by Number Answered
Your Score History
You have not taken this quiz